Νομικά θέματα
Αποθηκεύτηκε σε:
| Κύριος συγγραφέας: | |
|---|---|
| Μορφή: | Βιβλίο |
| Γλώσσα: | Greek |
| Δημοσίευση: |
Θεσσαλονίκη :
Σάκκουλα,
1978
|
| Θέματα: | |
| Ετικέτες: |
Προσθήκη ετικέτας
Δεν υπάρχουν, Καταχωρήστε ετικέτα πρώτοι!
|
MARC
| LEADER | 00000nam a2200000 i 4500 | ||
|---|---|---|---|
| 001 | 1/47260 | ||
| 008 | 960308s1978 gre d | ||
| 035 | |l 10026467 | ||
| 040 | |a GR-MY-UA |b gre |e aacr | ||
| 041 | 0 | |a gre | |
| 082 | 0 | |a 340.1 | |
| 100 | 1 | |a Αργυριάδης, Αλκης Απ., |d 1930-1988. | |
| 245 | 1 | 0 | |a Νομικά θέματα / |c Αλκη Απ. Αργυριάδη |
| 260 | |a Θεσσαλονίκη : |b Σάκκουλα, |c 1978 | ||
| 300 | |a 512 σ. | ||
| 650 | 0 | 0 | |a Law |z Greece. |
| 852 | |a INST |b CHIOS |e 19960308 |h 340.1 ΑΡΓ |p 005200002776 |q 005200002776 |t BK |y 0 |z τ.1 | ||
| 852 | |a INST |b CHIOS |e 19960308 |h 340.1 ΑΡΓ |p 005200002776 |q 005200002776 |t BK |v τ.1: |y 0 |z τ.1 | ||
| 853 | |a INST |b CHIOS |h 340.1 ΑΡΓ | ||
| 909 | |a Χ |b 018652 | ||